| 000 | 00484nam a2200181Ia 4500 | ||
|---|---|---|---|
| 005 | 20250423100709.0 | ||
| 008 | 250422s9999 xx 000 0 und d | ||
| 020 | _a9780977795130 | ||
| 050 | _aBF 637.S4 .P79/ | ||
| 100 | _aEdited by Maris Rose and Tennille Fenty | ||
| 245 | 0 | _aPsychology for life and work | |
| 260 | _aOakbrook | ||
| 260 | _bDeVry University Press | ||
| 260 | _c2008 | ||
| 300 | _a304 p | ||
| 650 | _a Self-actualization (Psychology) Success. | ||
| 942 | _cBK | ||
| 999 |
_c34090 _d34090 |
||